| 000 | 01089nam0a22002771 4500 | ||
|---|---|---|---|
| 001 | rc\783710 | ||
| 005 | 20250622131907.0 | ||
| 035 | _a(NLR Aleph) 006309482 | ||
| 090 |
_a7336301 _c7336301 |
||
| 100 | _a20040301d1983 |||y0rusy50 ca | ||
| 101 | 0 | _arus | |
| 102 | _aRU | ||
| 105 | _ay ||||||||| | ||
| 200 | 1 |
_aВсе беру на себя _eПовести _eПер. с каз. _fС. Бердикулов |
|
| 210 |
_aАлма-Ата _cЖалын _d1983 |
||
| 215 |
_a255 с. _d21 |
||
| 327 | 1 | _aСодерж.: Встречи без расставаний; Гонка; Златогривый конь Олимпиады | |
| 464 | 0 |
_12001#$aВстречи без расставаний _tВстречи без расставаний |
|
| 464 | 0 |
_12001#$aГонка _tГонка |
|
| 464 | 0 |
_12001#$aЗлатогривый конь Олимпиады _tЗлатогривый конь Олимпиады |
|
| 700 | 1 |
_aБердикулов _bС. _f1933- _gСейдахмет |
|
| 801 | 0 |
_aRU _bNLR _gpsbo |
|
| 801 | 1 |
_aRU _bELAR _2rusmarc |
|
| 852 |
_aNLR _j83-3/9840 |
||
| 942 | _cBOOK | ||
| 980 | _aNB | ||